| 000 | 01366nam a2200337Ia 4500 | ||
|---|---|---|---|
| 001 | ebr10446989 | ||
| 003 | CaPaEBR | ||
| 006 | m u | ||
| 007 | cr cn||||||||| | ||
| 008 | 100122s2010 enka sb 001 0 eng d | ||
| 010 | _z 2009054068 | ||
| 020 | _z1843109956 (alk. paper) | ||
| 020 | _z9781843109952 (alk. paper) | ||
| 040 |
_aCaPaEBR _cCaPaEBR |
||
| 035 | _a(OCoLC)698114959 | ||
| 050 | 1 | 4 |
_aHV40.54 _b.D38 2010eb |
| 082 | 0 | 4 |
_a361.3068/3 _222 |
| 100 | 1 |
_aDavys, Allyson, _d1952- |
|
| 245 | 1 | 0 |
_aBest practice in professional supervision _h[electronic resource] : _ba guide for the helping professions / _cAllyson Davys and Liz Beddoe. |
| 260 |
_aLondon ; _aPhiladelphia : _bJessica Kingsley Publishers, _c2010. |
||
| 300 |
_a256 p. : _bill. |
||
| 504 | _aIncludes bibliographical references and indexes. | ||
| 533 |
_aElectronic reproduction. _bPalo Alto, Calif. : _cebrary, _d2011. _nAvailable via World Wide Web. _nAccess may be limited to ebrary affiliated libraries. |
||
| 650 | 0 | _aSocial work administration. | |
| 650 | 0 |
_aSocial workers _xSupervision of. |
|
| 650 | 0 | _aSupervision of employees. | |
| 655 | 7 |
_aElectronic books. _2local |
|
| 700 | 1 |
_aBeddoe, Liz, _d1956- |
|
| 710 | 2 | _aebrary, Inc. | |
| 856 | 4 | 0 |
_uhttp://site.ebrary.com/lib/rucke/Doc?id=10446989 _zAn electronic book accessible through the World Wide Web; click to view |
| 999 |
_c136688 _d136688 |
||